PET Results (Student’s book)

Sparad:
Bibliografiska uppgifter
Materialtyp: Bok
Publicerad: Oxford 2010
Taggar: Lägg till en tagg
Inga taggar, Lägg till första taggen!
Thư viện lưu trữ: Mạng thư viện Đại học Đà Nẵng
LEADER 00421nam a22001691a 4500
001 000035853
003 12145
005 20160321110944.0
008 160321s2010 000
245 |a PET Results (Student’s book)  |c Jenny Quintana 
260 |a Oxford  |c 2010 
OWN |a LNN 
999 |a From the UDN01 
TYP |a Monograph 
980 |a Mạng thư viện Đại học Đà Nẵng